Kanang, pahlawan negara yang gagah berani (Record no. 108518)

MARC details
000 -LEADER
fixed length control field 00764nam a2200265 i 4500
001 - CONTROL NUMBER
control field C2-0305520
003 - CONTROL NUMBER IDENTIFIER
control field PPAK
005 - DATE AND TIME OF LATEST TRANSACTION
control field 20180728090811.0
008 - FIXED-LENGTH DATA ELEMENTS--GENERAL INFORMATION
fixed length control field 100824s2010 my a|||| ||||| | may d
020 ## - INTERNATIONAL STANDARD BOOK NUMBER
International Standard Book Number 9789833996438
040 ## - CATALOGING SOURCE
Original cataloging agency PPAK
Language of cataloging eng
Transcribing agency PPAK
Description conventions rda
082 04 - DEWEY DECIMAL CLASSIFICATION NUMBER
Classification number 920
Edition number 23
090 00 - LOCALLY ASSIGNED LC-TYPE CALL NUMBER (OCLC); LOCAL CALL NUMBER (RLIN)
Classification number (OCLC) (R) ; Classification number, CALL (RLIN) (NR) 920
Feature heading ABD
Feature heading RK
100 0# - MAIN ENTRY--PERSONAL NAME
Personal name Abdullah Fahim,
Relator term author
245 10 - TITLE STATEMENT
Title Kanang, pahlawan negara yang gagah berani
264 #1 - PRODUCTION, PUBLICATION, DISTRIBUTION, MANUFACTURE, AND COPYRIGHT NOTICE
Place of production, publication, distribution, manufacture Subang Jaya, Selangor :
Name of producer, publisher, distributor, manufacturer Pustaka Seri Idaman ,
Date of production, publication, distribution, manufacture, or copyright notice 2010
300 ## - PHYSICAL DESCRIPTION
Extent 76 pages :
Other physical details colour illustrations ;
Dimensions 27 cm
336 ## - CONTENT TYPE
Source rdacontent
Content type term text
337 ## - MEDIA TYPE
Source rdamedia
Media type term unmediated
338 ## - CARRIER TYPE
Source rdacarrier
Carrier type term volume
490 1# - SERIES STATEMENT
Series statement Siri tokoh berjasa
650 10 - SUBJECT ADDED ENTRY--TOPICAL TERM
Topical term or geographic name entry element Malaysia - Biography.
830 #0 - SERIES ADDED ENTRY--UNIFORM TITLE
Uniform title Siri tokoh berjasa
942 ## - ADDED ENTRY ELEMENTS (KOHA)
-- dc
Koha item type Book
Holdings
Withdrawn Not for loan Current library Shelving location Date acquired Full call number Barcode Date last seen Koha item type
  Not For Loan Perpustakaan Alor Setar Rujukan Kanak-kanak 25/08/2010 RK 920 ABD A01340950 09/05/2018 Book
  Not For Loan Perpustakaan Baling Rujukan Kanak-kanak 25/08/2010 RK 920 ABD A01340953 09/05/2018 Book
  Not For Loan Perpustakaan Bandar Baharu Rujukan Kanak-kanak 25/08/2010 RK 920 ABD A01340955 09/05/2018 Book
  Not For Loan Perpustakaan Jitra Rujukan Kanak-kanak 25/08/2010 RK 920 ABD A01340951 09/05/2018 Book
  Not For Loan Perpustakaan Kulim Rujukan Kanak-kanak 25/08/2010 RK 920 ABD A01340952 09/05/2018 Book
  Not For Loan Perpustakaan Langkawi Rujukan Kanak-kanak 25/08/2010 RK 920 ABD A01340954 09/05/2018 Book
  Not For Loan Perpustakaan Merbok Rujukan Kanak-kanak 25/08/2010 RK 920 ABD A01340956 09/05/2018 Book